00324 a2200109 4500001001000000005001700010008004100027245004200068100002000110773006700130999001700197ART_1270620260410161909.0260409a 10aHuman satisfactions and public policy1 aLayard, Richard0 tThe Economic Journalg- Vol. 90, NÂș 360 (dic. 1980)wREV12512 c26599d26599